Subdivisions - Provinces of the Netherlands by Flag - Statistics

General Stats
  • This quiz has been taken 56 times
  • The average score is 10 of 12
Answer Stats
Picture Answer % Correct
Friesland
94%
South Holland
85%
Zeeland
85%
Groningen
82%
Limburg
82%
North Holland
82%
North Brabant
79%
Drenthe
76%
Flevoland
76%
Gelderland
74%
Overijssel
74%
Utrecht
74%
No matching quizzes found
Score Distribution
Percent of People with Each Score
Percentile by Number Answered
Your Score History
You have not taken this quiz